Vplyv klimatických a hydrogeologických pomerov na vznik zosuvov

Salvato in:
Dettagli Bibliografici
Autore principale: Kopecký, Miloslav, 1963- (Autore)
Natura: Libro
Lingua:slovacco
Pubblicazione: Bratislava : Univerzita Komenského v Bratislave, 2001
Tags: Aggiungi Tag
Nessun Tag, puoi essere il primo ad aggiungerne!!

MARC

LEADER 00000nam a22000003a 4500
001 stu224964
005 20220401153233.6
008 110506s2001----xo------------------slo-d
040 |a STU  |b slo 
041 0 |a slo 
044 |a xo 
100 1 |a Kopecký, Miloslav,  |d 1963-  |4 aut  |u V150  |U SvF Stavebná fakulta  |T SvF Katedra geotechniky  |X 797  |U V150  |Y 15  |7 A000000797 
245 1 |a Vplyv klimatických a hydrogeologických pomerov na vznik zosuvov 
260 |a Bratislava :  |b Univerzita Komenského v Bratislave,  |c 2001 
300 |a 140 s